[Event "British Rapidplay Championship 2023"]
[Site "Mercure Bradford, Bankfield Hotel"]
[Date "2023.04.15"]
[Round "5.18"]
[White "Keerthi Kumar, Advait"]
[Black "Rogers, Bernard A"]
[Result "1/2-1/2"]
[TimeControl "All moves in 15 minutes plus 10 second increment per move from move 1"]
[WhiteElo "1455"]
[BlackElo "1772"]

1. e4 {[%clk 00:15:20]} e5 {[%clk 00:15:19]} {[%emt 00:00:02]} 2. Nf3 {[%clk
00:15:29]} Nc6 {[%clk 00:15:28]} 3. Bc4 {[%clk 00:15:38]} Bc5 {[%clk 00:15:35]}
{[%emt 00:00:02]} 4. O-O {[%emt 00:00:03]} Nf6 {[%clk 00:15:36]} {[%emt
00:00:08]} 5. d3 {[%clk 00:15:53]} {[%emt 00:00:03]} h6 {[%clk 00:15:39]}
{[%emt 00:00:08]} 6. h3 {[%clk 00:16:02]} {[%emt 00:00:01]} O-O {[%clk
00:15:47]} {[%emt 00:00:02]} 7. c3 {[%clk 00:16:10]} {[%emt 00:00:01]} d6
{[%clk 00:15:51]} {[%emt 00:00:07]} 8. Be3 {[%clk 00:16:15]} {[%emt 00:00:05]}
Bb6 {[%clk 00:15:39]} {[%emt 00:00:23]} 9. Nbd2 {[%clk 00:16:19]} {[%emt
00:00:04]} Na5 {[%clk 00:15:02]} {[%emt 00:00:48]} 10. Bb3 {[%clk 00:16:20]}
{[%emt 00:00:09]} Nxb3 {[%clk 00:15:10]} {[%emt 00:00:03]} 11. axb3 {[%clk
00:16:28]} {[%emt 00:00:01]} Bxe3 {[%clk 00:15:12]} {[%emt 00:00:08]} 12. fxe3
{[%clk 00:16:37]} {[%emt 00:00:01]} Re8 {[%clk 00:15:00]} {[%emt 00:00:22]} 13.
Kh1 {[%clk 00:16:13]} {[%emt 00:00:34]} c6 {[%clk 00:14:22]} {[%emt 00:00:49]}
14. Qc2 {[%clk 00:15:53]} {[%emt 00:00:29]} Nh5 {[%clk 00:13:53]} {[%emt
00:00:39]} 15. Rf2 {[%clk 00:15:21]} {[%emt 00:00:40]} Qb6 {[%clk 00:13:21]}
{[%emt 00:00:44]} 16. Nc4 {[%clk 00:15:21]} {[%emt 00:00:10]} Qc7 {[%clk
00:13:03]} {[%emt 00:00:27]} 17. Ncd2 {[%clk 00:14:43]} {[%emt 00:00:45]} d5
{[%clk 00:12:19]} {[%emt 00:00:57]} 18. exd5 {[%clk 00:14:43]} {[%emt
00:00:10]} cxd5 {[%clk 00:12:28]} {[%emt 00:00:01]} 19. Nf1 {[%clk 00:14:35]}
{[%emt 00:00:17]} Be6 {[%clk 00:11:49]} {[%emt 00:00:50]} 20. Rc1 {[%clk
00:12:47]} {[%emt 00:01:56]} Rac8 {[%clk 00:11:37]} {[%emt 00:00:24]} 21. Qd1
{[%clk 00:12:44]} {[%emt 00:00:11]} Nf6 {[%clk 00:11:08]} {[%emt 00:00:41]} 22.
Rfc2 {[%clk 00:11:55]} {[%emt 00:00:38]} Red8 {[%clk 00:09:50]} {[%emt
00:01:49]} 23. d4 {[%clk 00:10:57]} {[%emt 00:01:07]} e4 {[%clk 00:09:46]}
{[%emt 00:00:14]} 24. Ng1 {[%clk 00:10:59]} {[%emt 00:00:07]} Qb6 {[%clk
00:09:40]} {[%emt 00:00:19]} 25. Nd2 {[%clk 00:10:32]} {[%emt 00:00:35]} Qd6
{[%clk 00:07:31]} {[%emt 00:02:20]} 26. c4 {[%clk 00:10:31]} {[%emt 00:00:11]}
b6 {[%clk 00:07:18]} {[%emt 00:00:23]} 27. Rc3 {[%clk 00:09:41]} {[%emt
00:01:00]} g6 {[%clk 00:06:28]} {[%emt 00:01:00]} 28. Qe2 {[%clk 00:09:24]}
{[%emt 00:00:20]} Nh5 {[%clk 00:06:24]} {[%emt 00:00:21]} 29. Nf1 {[%clk
00:09:29]} {[%emt 00:00:04]} f5 {[%clk 00:05:19]} {[%emt 00:01:16]} 30. cxd5
{[%clk 00:09:03]} {[%emt 00:00:36]} Rxc3 {[%clk 00:05:26]} {[%emt 00:00:03]} 31.
bxc3 {[%clk 00:09:11]} {[%emt 00:00:02]} Bxd5 {[%clk 00:05:08]} {[%emt
00:00:28]} 32. c4 {[%clk 00:09:17]} {[%emt 00:00:04]} Bf7 {[%clk 00:05:03]}
{[%emt 00:00:15]} 33. Qc2 {[%clk 00:08:01]} {[%emt 00:01:25]} Rc8 {[%clk
00:04:54]} {[%emt 00:00:21]} 34. Re1 {[%clk 00:06:20]} {[%emt 00:01:49]} Qb4
{[%clk 00:04:33]} {[%emt 00:00:32]} 35. Ra1 {[%clk 00:05:03]} {[%emt 00:01:24]}
a5 {[%clk 00:04:03]} {[%emt 00:00:43]} 36. Qa2 {[%clk 00:04:51]} {[%emt
00:00:16]} Qd6 {[%clk 00:03:57]} {[%emt 00:00:22]} 37. Qd2 {[%clk 00:04:37]}
{[%emt 00:00:24]} Nf6 {[%clk 00:03:12]} {[%emt 00:00:55]} 38. Ne2 {[%clk
00:03:11]} {[%emt 00:01:36]} g5 {[%clk 00:02:52]} {[%emt 00:00:30]} 39. Nfg3
{[%clk 00:02:47]} {[%emt 00:00:28]} Bg6 {[%clk 00:02:56]} {[%emt 00:00:11]} 40.
Rf1 {[%clk 00:02:52]} {[%emt 00:00:06]} Rf8 {[%clk 00:01:58]} {[%emt 00:01:08]}
41. d5 {[%clk 00:02:13]} {[%emt 00:00:49]} Nh5 {[%clk 00:01:58]} {[%emt
00:00:10]} 42. Nxh5 {[%clk 00:02:19]} {[%emt 00:00:04]} Bxh5 {[%clk 00:02:06]}
{[%emt 00:00:01]} 43. Nd4 {[%clk 00:02:28]} {[%emt 00:00:02]} Bg6 {[%clk
00:01:31]} {[%emt 00:00:46]} 44. Ne6 {[%clk 00:02:14]} {[%emt 00:00:23]} Rf6
{[%clk 00:01:34]} {[%emt 00:00:07]} 45. Qc3 {[%clk 00:01:53]} {[%emt 00:00:25]}
Kf7 {[%clk 00:01:42]} {[%emt 00:00:08]} 46. Ra1 {[%clk 00:01:20]} {[%emt
00:00:43]} f4 {[%clk 00:01:39]} {[%emt 00:00:13]} 47. b4 {[%clk 00:01:22]}
{[%emt 00:00:07]} f3 {[%clk 00:01:31]} {[%emt 00:00:19]} 48. Qc2 {[%clk
00:00:38]} {[%emt 00:00:50]} f2 {[%clk 00:01:39]} {[%emt 00:00:06]} 49. Rf1
{[%clk 00:00:43]} {[%emt 00:00:04]} Qxb4 {[%clk 00:01:36]} {[%emt 00:00:14]} 50.
Kh2 {[%clk 00:00:27]} {[%emt 00:00:24]} Qe1 {[%clk 00:01:14]} {[%emt 00:00:34]}
51. Rxe1 {[%clk 00:00:30]} {[%emt 00:00:07]} fxe1=Q {[%clk 00:01:21]} {[%emt
00:00:04]} 52. Qb2 {[%clk 00:00:35]} {[%emt 00:00:03]} Qxe3 {[%clk 00:01:23]}
{[%emt 00:00:09]} 53. Qb5 {[%clk 00:00:37]} {[%emt 00:00:08]} Rxe6 {[%clk
00:00:38]} {[%emt 00:00:56]} 54. dxe6+ {[%clk 00:00:42]} {[%emt 00:00:04]} Kxe6
{[%clk 00:00:46]} {[%emt 00:00:01]} 55. Qc6+ {[%clk 00:00:51]} {[%emt
00:00:02]} Kf5 {[%clk 00:00:48]} {[%emt 00:00:08]} 56. Qd5+ {[%clk 00:00:38]}
{[%emt 00:00:22]} Kf6 {[%clk 00:00:48]} {[%emt 00:00:10]} 57. Qd6+ {[%clk
00:00:47]} {[%emt 00:00:02]} Kg7 {[%clk 00:00:54]} {[%emt 00:00:04]} 58. Qe5+
{[%clk 00:00:50]} {[%emt 00:00:06]} Kh7 {[%clk 00:00:49]} {[%emt 00:00:16]} 59.
Qe7+ {[%clk 00:00:54]} {[%emt 00:00:03]} Kg8 {[%clk 00:00:57]} {[%emt
00:00:05]} 60. Qd8+ {[%clk 00:00:59]} {[%emt 00:00:04]} Kf7 {[%clk 00:01:03]}
{[%emt 00:00:04]} 61. Qd5+ {[%clk 00:00:38]} {[%emt 00:00:28]} Ke7 {[%clk
00:01:12]} {[%emt 00:00:04]} 62. Qe5+ {[%clk 00:00:34]} {[%emt 00:00:14]} Kd7
{[%clk 00:01:20]} {[%emt 00:00:04]} 63. Qg7+ {[%clk 00:00:39]} {[%emt
00:00:04]} Kc8 {[%clk 00:01:27]} {[%emt 00:00:02]} 64. Qxg6 {[%clk 00:00:37]}
{[%emt 00:00:23]} Kb7 {[%clk 00:01:29]} 65. Qf7+ {[%clk 00:00:34]} {[%emt
00:00:07]} Ka6 {[%clk 00:01:38]} {[%emt 00:00:06]} 66. Qd5 {[%clk 00:00:39]}
Qf4+ {[%clk 00:01:34]} {[%emt 00:00:16]} 67. Kh1 {[%clk 00:00:31]} {[%emt
00:00:18]} Qf1+ {[%clk 00:01:17]} {[%emt 00:00:27]} 68. Kh2 {[%clk 00:00:33]}
{[%emt 00:00:09]} Qf4+ {[%clk 00:01:26]} {[%emt 00:00:01]} 69. Kg1 {[%clk
00:00:32]} {[%emt 00:00:09]} Qe3+ {[%clk 00:01:33]} {[%emt 00:00:05]} 70. Kh1
{[%clk 00:00:37]} {[%emt 00:00:04]} Qc1+ {[%clk 00:01:23]} {[%emt 00:00:21]}
1/2-1/2

[Event "British Rapidplay Championship 2023"]
[Site "Mercure Bradford, Bankfield Hotel"]
[Date "2023.04.15"]
[Round "5.19"]
[White "Railwani, Tavish"]
[Black "Graff, Ben"]
[Result "1/2-1/2"]
[TimeControl "All moves in 15 minutes plus 10 second increment per move from move 1"]
[WhiteElo "1517"]
[BlackElo "1658"]

1. e4 {[%clk 00:15:18]} {[%emt 00:00:02]} e6 {[%clk 00:15:19]} {[%emt
00:00:01]} 2. d4 {[%clk 00:15:26]} {[%emt 00:00:02]} d5 {[%clk 00:15:28]}
{[%emt 00:00:01]} 3. exd5 {[%clk 00:15:34]} {[%emt 00:00:02]} exd5 {[%clk
00:15:36]} {[%emt 00:00:02]} 4. Bd3 {[%clk 00:15:40]} {[%emt 00:00:04]} Bd6
{[%clk 00:15:44]} {[%emt 00:00:02]} 5. Nf3 {[%clk 00:15:47]} {[%emt 00:00:03]}
Nf6 {[%clk 00:15:33]} {[%emt 00:00:21]} 6. O-O {[%clk 00:15:52]} {[%emt
00:00:05]} O-O {[%clk 00:15:38]} {[%emt 00:00:05]} 7. Bg5 {[%clk 00:15:58]}
{[%emt 00:00:03]} h6 {[%clk 00:15:45]} {[%emt 00:00:04]} 8. Bh4 {[%clk
00:16:05]} {[%emt 00:00:02]} Re8 {[%clk 00:14:58]} {[%emt 00:00:57]} 9. c3
{[%clk 00:15:53]} {[%emt 00:00:22]} c6 {[%clk 00:15:02]} {[%emt 00:00:07]} 10.
Qc2 {[%clk 00:15:41]} {[%emt 00:00:22]} Bg4 {[%clk 00:14:47]} {[%emt 00:00:25]}
11. Nbd2 {[%clk 00:15:48]} {[%emt 00:00:03]} Nbd7 {[%clk 00:14:44]} {[%emt
00:00:13]} 12. h3 {[%clk 00:15:54]} {[%emt 00:00:04]} Bxf3 {[%clk 00:14:42]}
{[%emt 00:00:12]} 13. Nxf3 {[%clk 00:15:52]} {[%emt 00:00:11]} Qc7 {[%clk
00:14:43]} {[%emt 00:00:10]} 14. Bxf6 {[%clk 00:14:25]} {[%emt 00:01:36]} Nxf6
{[%clk 00:14:46]} {[%emt 00:00:08]} 15. Rfe1 {[%clk 00:14:30]} {[%emt
00:00:04]} c5 {[%clk 00:11:18]} {[%emt 00:03:38]} 16. Bb5 {[%clk 00:12:43]}
{[%emt 00:01:58]} Rxe1+ {[%clk 00:11:21]} {[%emt 00:00:07]} 17. Rxe1 {[%clk
00:12:49]} {[%emt 00:00:03]} a6 {[%clk 00:11:04]} {[%emt 00:00:28]} 18. dxc5
{[%clk 00:11:36]} {[%emt 00:01:23]} Bxc5 {[%clk 00:10:25]} {[%emt 00:00:49]} 19.
Bd3 {[%clk 00:11:37]} {[%emt 00:00:09]} Rd8 {[%clk 00:07:57]} {[%emt 00:02:38]}
20. a3 {[%clk 00:10:42]} {[%emt 00:01:05]} Bd6 {[%clk 00:07:34]} {[%emt
00:00:32]} 21. Nd4 {[%clk 00:08:53]} {[%emt 00:02:00]} Re8 {[%clk 00:06:55]}
{[%emt 00:00:48]} 22. Rxe8+ {[%clk 00:08:40]} {[%emt 00:00:23]} Nxe8 {[%clk
00:07:03]} {[%emt 00:00:02]} 23. Qe2 {[%clk 00:08:39]} {[%emt 00:00:11]} Qe7
{[%clk 00:06:31]} {[%emt 00:00:40]} 24. Qxe7 {[%clk 00:07:48]} {[%emt
00:01:03]} Bxe7 {[%clk 00:06:40]} {[%emt 00:00:02]} 25. Nf5 {[%clk 00:07:51]}
{[%emt 00:00:07]} Bf6 {[%clk 00:06:15]} {[%emt 00:00:34]} 26. Kf1 {[%clk
00:07:19]} {[%emt 00:00:42]} h5 {[%clk 00:05:57]} {[%emt 00:00:28]} 27. Ne3
{[%clk 00:06:15]} {[%emt 00:01:13]} d4 {[%clk 00:05:42]} {[%emt 00:00:26]} 28.
Nd5 {[%clk 00:06:11]} {[%emt 00:00:15]} dxc3 {[%clk 00:05:07]} {[%emt
00:00:44]} 29. Nxf6+ {[%clk 00:06:11]} {[%emt 00:00:10]} Nxf6 {[%clk 00:05:15]}
{[%emt 00:00:02]} 30. bxc3 {[%clk 00:06:19]} {[%emt 00:00:02]} Kf8 {[%clk
00:04:54]} {[%emt 00:00:32]} 31. Ke2 {[%clk 00:06:14]} {[%emt 00:00:14]} Ke7
{[%clk 00:04:58]} {[%emt 00:00:06]} 32. Ke3 {[%clk 00:05:54]} {[%emt 00:00:30]}
Kd6 {[%clk 00:03:56]} {[%emt 00:01:12]} 33. Kd4 {[%clk 00:05:49]} {[%emt
00:00:16]} a5 {[%clk 00:03:24]} {[%emt 00:00:41]} 34. Bc4 {[%clk 00:05:33]}
{[%emt 00:00:26]} Ke7 {[%clk 00:03:09]} {[%emt 00:00:25]} 35. Ke4 {[%clk
00:15:10]} {[%emt 00:00:49]} 1/2-1/2

[Event "British Rapidplay Championship 2023"]
[Site "Mercure Bradford, Bankfield Hotel"]
[Date "2023.04.15"]
[Round "5.20"]
[White "Mitchell, Ian"]
[Black "Holi, Siefaldin A"]
[Result "0-1"]
[TimeControl "All moves in 15 minutes plus 10 second increment per move from move 1"]
[WhiteElo "1628"]
[BlackElo "1644"]

1. d4 {[%clk 00:15:18]} {[%emt 00:00:01]} d5 {[%clk 00:15:19]} {[%emt
00:00:02]} 2. c4 {[%clk 00:15:22]} {[%emt 00:00:06]} Nf6 {[%clk 00:15:18]}
{[%emt 00:00:12]} 3. Nc3 {[%clk 00:15:28]} {[%emt 00:00:03]} e6 {[%clk
00:15:26]} {[%emt 00:00:02]} 4. cxd5 {[%clk 00:15:09]} {[%emt 00:00:29]} exd5
{[%clk 00:15:30]} {[%emt 00:00:06]} 5. Nf3 {[%clk 00:15:11]} {[%emt 00:00:08]}
h6 {[%clk 00:15:26]} {[%emt 00:00:14]} 6. e3 {[%clk 00:15:09]} {[%emt
00:00:11]} a6 {[%clk 00:15:26]} {[%emt 00:00:11]} 7. Be2 {[%clk 00:14:59]}
{[%emt 00:00:20]} Nc6 {[%clk 00:15:32]} {[%emt 00:00:04]} 8. O-O {[%clk
00:15:06]} {[%emt 00:00:03]} g5 {[%clk 00:15:26]} {[%emt 00:00:15]} 9. Ne1
{[%clk 00:14:40]} {[%emt 00:00:36]} g4 {[%clk 00:15:12]} {[%emt 00:00:24]} 10.
g3 {[%clk 00:13:59]} {[%emt 00:00:52]} h5 {[%clk 00:15:11]} {[%emt 00:00:10]}
11. f3 {[%clk 00:13:18]} {[%emt 00:00:52]} gxf3 {[%clk 00:14:49]} {[%emt
00:00:32]} 12. Nxf3 {[%clk 00:13:02]} {[%emt 00:00:25]} h4 {[%clk 00:14:35]}
{[%emt 00:00:25]} 13. Nxh4 {[%clk 00:12:30]} {[%emt 00:00:42]} Rxh4 {[%emt
00:00:03]} 14. gxh4 {[%emt 00:00:20]} Be6 {[%clk 00:14:02]} {[%emt 00:00:20]}
15. Qe1 {[%clk 00:11:34]} {[%emt 00:01:07]} Qe7 {[%clk 00:12:38]} {[%emt
00:01:33]} 16. Qf2 {[%clk 00:11:40]} {[%emt 00:00:04]} Bg7 {[%clk 00:12:14]}
{[%emt 00:00:33]} 17. Kh1 {[%clk 00:10:41]} {[%emt 00:01:09]} O-O-O {[%clk
00:12:11]} {[%emt 00:00:14]} 18. Na4 {[%clk 00:10:20]} {[%emt 00:00:31]} Ne4
{[%clk 00:11:14]} {[%emt 00:01:06]} 19. Qg1 {[%clk 00:09:52]} {[%emt 00:00:37]}
f5 {[%clk 00:10:16]} {[%emt 00:01:09]} 20. Rf4 {[%clk 00:09:10]} {[%emt
00:00:52]} Bh6 {[%clk 00:10:20]} {[%emt 00:00:06]} 21. Qf1 {[%clk 00:08:58]}
{[%emt 00:00:19]} Bxf4 {[%clk 00:10:12]} {[%emt 00:00:21]} 22. exf4 {[%clk
00:09:05]} {[%emt 00:00:04]} Qxh4 {[%clk 00:10:07]} {[%emt 00:00:15]} 23. Qf3
{[%clk 00:07:43]} {[%emt 00:01:32]} Nxd4 {[%clk 00:10:00]} {[%emt 00:00:16]} 24.
Qh5 {[%clk 00:07:13]} {[%emt 00:00:41]} Ng3+ {[%clk 00:09:56]} {[%emt
00:00:13]} 0-1

[Event "British Rapidplay Championship 2023"]
[Site "Mercure Bradford, Bankfield Hotel"]
[Date "2023.04.15"]
[Round "5.21"]
[White "McLean, Rory R"]
[Black "Winter, Kevin"]
[Result "1/2-1/2"]
[TimeControl "All moves in 15 minutes plus 10 second increment per move from move 1"]
[WhiteElo "1626"]
[BlackElo "1713"]

1. d4 {[%clk 00:15:17]} {[%emt 00:00:02]} d6 {[%clk 00:15:19]} {[%emt
00:00:02]} 2. c4 {[%clk 00:15:24]} {[%emt 00:00:03]} Nf6 {[%clk 00:15:27]}
{[%emt 00:00:02]} 3. Nc3 {[%clk 00:15:28]} {[%emt 00:00:05]} g6 {[%clk
00:15:36]} {[%emt 00:00:01]} 4. e4 {[%clk 00:15:34]} {[%emt 00:00:04]} Bg7
{[%clk 00:15:45]} {[%emt 00:00:02]} 5. f3 {[%clk 00:15:41]} {[%emt 00:00:03]}
O-O {[%clk 00:15:52]} {[%emt 00:00:03]} 6. Be3 {[%clk 00:15:49]} {[%emt
00:00:01]} e5 {[%clk 00:15:47]} {[%emt 00:00:16]} 7. d5 {[%clk 00:15:57]}
{[%emt 00:00:02]} Nh5 {[%clk 00:15:53]} {[%emt 00:00:04]} 8. g4 {[%clk
00:15:35]} {[%emt 00:00:32]} Nf4 {[%clk 00:15:54]} {[%emt 00:00:09]} 9. Qd2
{[%clk 00:15:29]} {[%emt 00:00:16]} Na6 {[%clk 00:15:31]} {[%emt 00:00:31]} 10.
O-O-O {[%clk 00:15:28]} {[%emt 00:00:12]} Nc5 {[%clk 00:15:11]} {[%emt
00:00:30]} 11. Nge2 {[%clk 00:15:26]} {[%emt 00:00:11]} Nfd3+ {[%clk 00:13:41]}
{[%emt 00:01:42]} 12. Kb1 {[%emt 00:00:42]} a5 {[%clk 00:13:27]} 13. h4 {[%clk
00:15:01]} {[%emt 00:00:26]} Bd7 {[%clk 00:12:31]} {[%emt 00:01:06]} 14. h5
{[%clk 00:14:39]} {[%emt 00:00:32]} Qf6 {[%clk 00:12:03]} {[%emt 00:00:38]} 15.
Bg2 {[%clk 00:13:55]} {[%emt 00:00:55]} Nf4 {[%clk 00:11:34]} {[%emt 00:00:39]}
16. Nxf4 {[%clk 00:13:27]} {[%emt 00:00:37]} exf4 {[%clk 00:11:41]} {[%emt
00:00:03]} 17. Bxf4 {[%clk 00:12:55]} {[%emt 00:00:43]} Na4 {[%clk 00:09:07]}
{[%emt 00:02:43]} 18. Bh6 {[%clk 00:11:23]} {[%emt 00:01:42]} Nxc3+ {[%clk
00:08:45]} {[%emt 00:00:33]} 19. bxc3 {[%clk 00:11:17]} {[%emt 00:00:15]} Qxc3
{[%clk 00:07:32]} {[%emt 00:01:24]} 20. Qxc3 {[%clk 00:11:20]} {[%emt
00:00:08]} Bxc3 {[%clk 00:07:38]} {[%emt 00:00:01]} 21. Bxf8 {[%clk 00:11:18]}
{[%emt 00:00:14]} Rxf8 {[%clk 00:07:46]} {[%emt 00:00:01]} 22. hxg6 {[%clk
00:11:25]} {[%emt 00:00:04]} fxg6 {[%clk 00:07:52]} {[%emt 00:00:04]} 23. Rd3
{[%clk 00:11:22]} {[%emt 00:00:12]} Be5 {[%clk 00:07:40]} {[%emt 00:00:22]} 24.
Bh3 {[%clk 00:10:59]} {[%emt 00:00:32]} g5 {[%clk 00:06:39]} {[%emt 00:01:12]}
25. Bg2 {[%clk 00:10:18]} {[%emt 00:00:51]} Rf6 {[%clk 00:06:37]} {[%emt
00:00:13]} 26. Bf1 {[%clk 00:09:42]} {[%emt 00:00:46]} b6 {[%clk 00:06:29]}
{[%emt 00:00:17]} 27. Be2 {[%clk 00:09:36]} {[%emt 00:00:16]} Bc8 {[%clk
00:05:51]} {[%emt 00:00:49]} 28. Bd1 {[%clk 00:09:37]} {[%emt 00:00:08]} Bd7
{[%clk 00:05:52]} {[%emt 00:00:10]} 29. Rh3 {[%clk 00:08:53]} {[%emt 00:00:53]}
Be8 {[%clk 00:05:45]} {[%emt 00:00:18]} 30. Ra3 {[%clk 00:08:49]} {[%emt
00:00:13]} Bg6 {[%clk 00:05:27]} {[%emt 00:00:28]} 31. Ba4 {[%clk 00:07:38]}
{[%emt 00:01:21]} Bf7 {[%clk 00:05:08]} {[%emt 00:00:29]} 32. Bd7 {[%clk
00:07:18]} {[%emt 00:00:30]} Bg6 {[%clk 00:05:07]} {[%emt 00:00:12]} 33. Bf5
{[%clk 00:07:10]} {[%emt 00:00:18]} Kg7 {[%clk 00:05:01]} {[%emt 00:00:16]} 34.
Rd3 {[%clk 00:06:58]} {[%emt 00:00:21]} Bf4 {[%clk 00:04:32]} {[%emt 00:00:39]}
35. Kc2 {[%clk 00:06:47]} {[%emt 00:00:21]} Be5 {[%clk 00:04:41]} {[%emt
00:00:01]} 36. Kb3 {[%clk 00:06:55]} {[%emt 00:00:03]} Rf7 {[%clk 00:04:44]}
{[%emt 00:00:07]} 37. Rd1 {[%clk 00:06:54]} {[%emt 00:00:09]} Kg8 {[%clk
00:04:10]} {[%emt 00:00:45]} 38. Rdh1 {[%clk 00:06:55]} {[%emt 00:00:08]} Re7
{[%clk 00:03:54]} {[%emt 00:00:26]} 39. Ka4 {[%clk 00:07:00]} {[%emt 00:00:06]}
Be8+ {[%clk 00:03:52]} {[%emt 00:00:12]} 40. Kb3 {[%clk 00:07:04]} {[%emt
00:00:05]} Bg6 {[%clk 00:03:43]} {[%emt 00:00:20]} 41. Rh6 {[%clk 00:06:18]}
{[%emt 00:00:54]} Bg7 {[%clk 00:03:47]} {[%emt 00:00:08]} 42. R6h3 {[%clk
00:06:09]} {[%emt 00:00:17]} Bxf5 {[%clk 00:03:16]} {[%emt 00:00:43]} 43. gxf5
{[%clk 00:06:12]} {[%emt 00:00:06]} h6 {[%clk 00:03:01]} {[%emt 00:00:26]} 44.
Rg1 {[%clk 00:05:30]} {[%emt 00:00:51]} Kf7 {[%clk 00:03:08]} {[%emt 00:00:04]}
45. Rhg3 {[%clk 00:05:26]} {[%emt 00:00:09]} Bf6 {[%clk 00:03:17]} {[%emt
00:00:06]} 46. Kc2 {[%clk 00:04:57]} {[%emt 00:00:38]} Be5 {[%clk 00:03:27]}
{[%emt 00:00:02]} 47. Rg4 {[%clk 00:04:58]} {[%emt 00:00:08]} Bf6 {[%clk
00:03:13]} {[%emt 00:00:24]} 48. Kd3 {[%clk 00:05:03]} {[%emt 00:00:05]} Re8
{[%clk 00:02:56]} {[%emt 00:00:26]} 49. Rh1 {[%clk 00:04:55]} {[%emt 00:00:18]}
Rh8 {[%clk 00:03:04]} {[%emt 00:00:02]} 50. Ke2 {[%clk 00:04:39]} {[%emt
00:00:26]} Be5 {[%clk 00:03:01]} {[%emt 00:00:14]} 1/2-1/2

[Event "British Rapidplay Championship 2023"]
[Site "Mercure Bradford, Bankfield Hotel"]
[Date "2023.04.15"]
[Round "5.23"]
[White "Gorrell, Elinor"]
[Black "Sasikumar, Srivathsan"]
[Result "1-0"]
[TimeControl "All moves in 15 minutes plus 10 second increment per move from move 1"]
[WhiteElo "1348"]
[BlackElo "1628"]

1. d4 {[%clk 00:15:18]} {[%emt 00:00:01]} Nf6 {[%clk 00:15:13]} {[%emt
00:00:05]} 2. c4 {[%clk 00:15:26]} {[%emt 00:00:04]} e6 {[%clk 00:15:21]}
{[%emt 00:00:03]} 3. Nc3 {[%emt 00:00:05]} d5 {[%clk 00:15:28]} 4. Bg5 {[%clk
00:15:31]} {[%emt 00:00:11]} Be7 {[%clk 00:15:33]} {[%emt 00:00:06]} 5. e3
{[%clk 00:15:38]} {[%emt 00:00:03]} O-O {[%clk 00:15:40]} {[%emt 00:00:02]} 6.
Nf3 {[%clk 00:15:45]} {[%emt 00:00:04]} c6 {[%clk 00:15:31]} {[%emt 00:00:20]}
7. cxd5 {[%clk 00:15:48]} {[%emt 00:00:06]} exd5 {[%clk 00:15:34]} {[%emt
00:00:07]} 8. Bd3 {[%clk 00:15:54]} {[%emt 00:00:03]} Ne4 {[%clk 00:15:29]}
{[%emt 00:00:16]} 9. Bxe4 {[%clk 00:14:40]} {[%emt 00:01:24]} dxe4 {[%clk
00:15:31]} {[%emt 00:00:08]} 10. Nxe4 {[%clk 00:14:47]} {[%emt 00:00:04]} Bg4
{[%clk 00:15:30]} {[%emt 00:00:11]} 11. Bxe7 {[%clk 00:14:50]} {[%emt
00:00:07]} Qxe7 {[%clk 00:15:37]} {[%emt 00:00:04]} 12. Nc3 {[%clk 00:14:39]}
{[%emt 00:00:21]} Nd7 {[%clk 00:15:24]} {[%emt 00:00:22]} 13. O-O {[%clk
00:14:45]} {[%emt 00:00:05]} c5 {[%clk 00:15:24]} {[%emt 00:00:10]} 14. dxc5
{[%clk 00:13:55]} {[%emt 00:00:59]} Nxc5 {[%clk 00:12:29]} {[%emt 00:03:04]} 15.
Rc1 {[%clk 00:13:10]} {[%emt 00:00:56]} Rad8 {[%clk 00:10:40]} {[%emt
00:01:59]} 16. Qe2 {[%clk 00:12:58]} {[%emt 00:00:21]} Nd3 {[%clk 00:10:22]}
{[%emt 00:00:29]} 17. Rcd1 {[%clk 00:12:44]} {[%emt 00:00:24]} Ne5 {[%clk
00:09:32]} {[%emt 00:01:00]} 18. Nd5 {[%clk 00:09:58]} {[%emt 00:02:56]} Qe6
{[%clk 00:07:29]} {[%emt 00:02:05]} 19. Nf4 {[%clk 00:07:32]} {[%emt 00:02:45]}
Qc6 {[%clk 00:03:47]} {[%emt 00:03:44]} 20. Nxe5 {[%clk 00:03:15]} {[%emt
00:04:34]} Bxe2 {[%clk 00:03:05]} {[%emt 00:00:51]} 21. Nxc6 {[%clk 00:03:23]}
{[%emt 00:00:03]} Bxd1 {[%clk 00:02:45]} {[%emt 00:00:30]} 22. Nxd8 {[%clk
00:03:26]} {[%emt 00:00:07]} Rxd8 {[%clk 00:02:54]} 23. f3 {[%clk 00:03:12]}
{[%emt 00:00:24]} Rd2 {[%clk 00:02:50]} {[%emt 00:00:12]} 24. Rf2 {[%clk
00:03:20]} {[%emt 00:00:04]} Rxf2 {[%clk 00:02:38]} {[%emt 00:00:23]} 25. Kxf2
{[%clk 00:03:28]} {[%emt 00:00:02]} Ba4 {[%clk 00:02:47]} 26. a3 {[%clk
00:03:29]} {[%emt 00:00:08]} Kf8 {[%clk 00:02:53]} {[%emt 00:00:04]} 27. Ke2
{[%clk 00:03:37]} {[%emt 00:00:02]} Ke7 {[%clk 00:02:58]} {[%emt 00:00:05]} 28.
Kd3 {[%clk 00:03:31]} {[%emt 00:00:16]} Kd6 {[%clk 00:02:58]} {[%emt 00:00:10]}
29. Kd4 {[%clk 00:03:35]} {[%emt 00:00:07]} Bb5 {[%emt 00:01:10]} 30. Nh3
{[%clk 00:03:06]} {[%emt 00:00:15]} f6 {[%clk 00:02:14]} {[%emt 00:00:17]} 31.
g3 {[%clk 00:03:06]} {[%emt 00:00:10]} Bf1 {[%clk 00:01:52]} {[%emt 00:00:32]}
32. Nf2 {[%clk 00:03:07]} {[%emt 00:00:10]} f5 {[%clk 00:01:56]} {[%emt
00:00:04]} 33. e4 {[%clk 00:02:23]} {[%emt 00:00:55]} g6 {[%clk 00:01:33]}
{[%emt 00:00:33]} 34. e5+ {[%clk 00:02:14]} {[%emt 00:00:19]} Ke6 {[%clk
00:01:35]} {[%emt 00:00:09]} 35. f4 {[%clk 00:01:56]} {[%emt 00:00:27]} b6
{[%clk 00:01:43]} {[%emt 00:00:02]} 36. b4 {[%clk 00:02:03]} {[%emt 00:00:03]}
h6 {[%clk 00:00:57]} {[%emt 00:00:56]} 37. g4 {[%clk 00:01:20]} {[%emt
00:00:53]} fxg4 {[%clk 00:00:38]} {[%emt 00:00:29]} 38. Nxg4 {[%clk 00:01:26]}
{[%emt 00:00:04]} 1-0